000 00748cam a22002412 4500
001 0000008583
005 20151021151114.0
008 080428s xx 000 0 eng d
020 _a1844806676 :
_cKES 2725
040 _aKABU
_cKABU
050 0 _aHB172
_b.M36
100 1 _aMankiw, N. Gregory.
_@0000148278
245 1 0 _aMicroeconomics. /
_cN. Gregory Mankiw and Mark P. Taylor.
260 _aLondon :
_bThomson Learning,
_c2006.
300 _axxiv, 474 p.
650 0 _aMicroeconomics.
_@0000149944
700 1 _aTaylor, Mark P.
_@0000159218
908 _a080428
950 _@1
999 _c754
_d754